000 00668nam a2200193 4500
001 121046
003 ES-MaACL
005 20250824234606.0
007 t|
008 070214s1947 sp r ||||1| spa d
100 1 _aPonce de León Freire, Eduardo.
_992954
245 1 0 _aBibiografía complementaria de Cervantes /
_cpor Eduardo Ponce de León Freire.
260 _aMadrid :
_b[s.n.],
_c1947 (
_fGráf. González)
300 _a31 p. :
_bil. ;
_c24 cm.
500 _aPrecede al Tit : Instituto Nacional del Libro Español.
710 2 _aInstituto Nacional del Libro Español
_95195
852 _aES-MaACL
_j1879-F-14
_bR.25565
999 _c121046
_d121046